• 首页
  • 本馆介绍
  • 公告通知
  • 最新文献
  • 馆藏检索
  • 电子资源
  • 读者导购
  • 参考咨询
  • 我的图书馆
  • 登录
  • 详细信息显示
  • 放入我的书架
  • 预约/预借图书
  • 作者相关作品
  • 分类相关作品
  • 丛书相关作品
  • 出版社相关作品

书目信息

  • 表格格式
  • 工作单格式
  • 卡片格式
题名:
谈谈激光科学技术
    
 
作者: 王之江 , 王能鹤 编
分册:  
出版信息: 上海   上海科学技术出版社  1979
页数: 65页
开本: 19cm
丛书名:
单 册:
中图分类: TN24
科图分类:
主题词: 激光技术 , 激光器
电子资源:
ISBN: 13119.752
000 00716nam0 2200265 450
001 0179005911
005 20100712215610.0
010    @a13119.752@dCNY0.18
091    @a13119.752
100    @a19950728d1979 em y0chiy0110 ea
101 0  @achi
102    @aCN@b310000
105    @ay z 000yy
106    @ar
200 1  @a谈谈激光科学技术@9Tan Tan Ji Guang Ke Xue Ji Shu;Zhu @f王之江,王能鹤编
210    @a上海@c上海科学技术出版社@d1979
215    @a65页@d19cm
300    @a现代科学技术讲座
606 0  @a激光技术
606 0  @a激光器
690    @aTN24@v3
701  0 @a王之江@9wang zhi jiang@4编
701  0 @a王能鹤@9wang neng he@4编
801  0 @aCN@bAzMarc@c20130904
905    @aBZT@dTN24@e34@f1@sTN24/34
    
    谈谈激光科学技术/王之江,王能鹤编.-上海:上海科学技术出版社,1979
    65页;19cm
    现代科学技术讲座
    
    ISBN 13119.752:CNY0.18
    
●
相关链接 在五车中查询图书 在当当中查询图书 在豆瓣中查询图书


正题名:谈谈激光科学技术     索取号:TN24/34         预约/预借

序号 登录号 条形码 馆藏地/架位号 状态 备注
1 2000079311   2000079311   旧书回溯/ [索取号:TN24/34] 在馆    
山东省滨州职业学院图书馆 欢迎您!
大连网信软件有限公司© 版权所有